Programming and customizing the 8051 microcontroller
Saved in:
| Main Author: | |
|---|---|
| Format: | Book |
| Language: | English |
| Published: |
New York ; San Francisco :
McGraw-Hill,
c1999
|
| Subjects: | |
| Tags: |
Add Tag
No Tags, Be the first to tag this record!
|
MARC
| LEADER | 00000nam a2200000 i 4500 | ||
|---|---|---|---|
| 001 | 1/2043 | ||
| 008 | 000420s1999 eng d | ||
| 020 | |a 0071341927 | ||
| 035 | |l 10060253 | ||
| 040 | |a GR-MY-UA |b gre |e aacr | ||
| 041 | 0 | |a eng | |
| 082 | 0 | |a 629.895 | |
| 100 | 1 | |a Predko, Myke. | |
| 245 | 1 | 0 | |a Programming and customizing the 8051 microcontroller / |c Myke Predko |
| 260 | |a New York ; San Francisco : |b McGraw-Hill, |c c1999 | ||
| 300 | |a xvii, 539 p.; |b ill.; |c 25 cm.+ |e 1 computer laser optical disc (4 3/4 in.) | ||
| 504 | |a Includes index | ||
| 650 | 0 | 0 | |a INTEL 8051 (Computer) |
| 650 | 0 | 0 | |a Digital control systems. |
| 852 | |a INST |b SAMOS |e 20000420 |h 629.895 PRE |p 005300015344 |q 005300015344 |t BK |y 0 | ||
| 852 | |a INST |b SAMOS |e 20000420 |h 629.895 PRE |p 005300017544 |q 005300017544 |t BK |y 0 | ||
| 901 | |a BIBL3-2000-1 | ||
| 909 | |a Σ |b 075123 | ||
| 909 | |a Σ |b 075122 | ||
| 922 | |a 3ΕΛΗ |b 200003 |c ΤΠΕΣ/ΤΑΚΤ |d ΠΑΠΑΣΩΤΗΡΙΟΥ | ||
| 970 | |a ΓΕΝΟΥΖΟΥ |b ΧΡΥΣΑΝΘΗ |z 2000/04/20 | ||